| 000 | 00754nam a22002177a 4500 | ||
|---|---|---|---|
| 999 |
_c163164 _d163164 |
||
| 005 | 20190330112037.0 | ||
| 010 | _aENG-124960 | ||
| 020 |
_c495.00 _a9788178243641 |
||
| 035 | _aEN-108492 | ||
| 037 | _bDBAD/PUB | ||
| 082 | _a499.558 | ||
| 100 | _aRani Siva Sankara Sarma | ||
| 245 |
_aThe last brahmin: _cby Rani Siva Sankara Sarma; translated from the Telugu by D.Vankat Rao _blife and reflections of modern-day sanskrit pandit/ |
||
| 250 | _a2nd ed. | ||
| 260 |
_aRanikhet _bPermanent Black _c2017 |
||
| 270 |
_a'Himalayana', Mall Road,667,Ranikhet Cantt, _bRanikhet _e263645 |
||
| 300 |
_avii,197p. _c21cm (pbk) |
||
| 500 | _aIt includes select bibliography | ||
| 700 | _aRao, D. Vankat | ||
| 942 |
_2ddc _cEN _mRAN _h409.558 |
||